The legends of Tono /
遠野物語 = Tōno monogatari.
| Autor Principal: | |
|---|---|
| Formato: | Libro |
| Idioma: | English Japanese |
| Publicado: |
Lanham :
Lexington Books,
c2008.
|
| Edición: | 100th anniversary ed., 1st Rowman & Littlefield edition. |
| Subjects: | |
| Classic Catalogue: | View this record in Classic Catalogue |
| LEADER | 01927nam a2200409 a 4500 | ||
|---|---|---|---|
| 001 | 45806 | ||
| 003 | BD-DhAAL | ||
| 005 | 20260519131417.0 | ||
| 008 | 260519t2008 mduab b 001 0 eng | ||
| 010 | |a 2008020776 | ||
| 020 | |a 9780739127674 | ||
| 020 | |a 0739127675 | ||
| 020 | |a 9780739130247 | ||
| 020 | |a 0739130242 | ||
| 035 | |a 15295473 | ||
| 035 | |a (OCoLC)228676605 | ||
| 040 | |a DLC |c DLC |d BTCTA |d YDXCP |d OCLCG |d C#P |d BWX |d DLC |d BD-DhAAL | ||
| 041 | 1 | |a eng |h jpn | |
| 043 | |a a-ja--- | ||
| 050 | 0 | 0 | |a GR341.T63 |b Y3613 2008 |
| 082 | 0 | 0 | |a 398.20952 |2 22 |
| 100 | 1 | |a Yanagita, Kunio, |d 1875-1962. |9 60884 | |
| 240 | 1 | 0 | |a Tōno monogatari. |l English |
| 245 | 1 | 4 | |6 880-01 |a The legends of Tono / |c Kunio Yanagita ; translated by Ronald A. Morse. |
| 250 | |a 100th anniversary ed., 1st Rowman & Littlefield edition. | ||
| 260 | |a Lanham : |b Lexington Books, |c c2008. | ||
| 300 | |a xxxi, 83 pages : |b ill., map ; |c 24 cm | ||
| 504 | |a Includes bibliographical references (p. 77-81) and index. | ||
| 541 | 1 | |a Donated by Embassy of Japan in Bangladesh, Read Japan Project 2025, The Tokyo Foundation, supported by The Nippon Foundation. |e 45806 | |
| 650 | 0 | |a Folklore |z Japan |z Tōno-shi Region. |9 60885 | |
| 651 | 0 | |a Tōno-shi Region (Japan) |x Social life and customs. |9 60886 | |
| 852 | 1 | |a Ayesha Abed Library |c General Stacks | |
| 880 | 1 | 4 | |6 245-01 |a 遠野物語 = |b Tōno monogatari. |
| 880 | 1 | 4 | |6 100-02 |a 柳田國男, |b author. |
| 942 | |2 ddc |c BK | ||
| 999 | |c 47989 |d 47989 | ||
| 952 | |0 0 |1 0 |2 ddc |4 0 |6 398_209520000000000_YAN |7 0 |9 79236 |a BRACUL |b BRACUL |d 2026-05-19 |e Donated by Embassy of Japan in Bangladesh, Read Japan Project 2025, The Tokyo Foundation, supported by The Nippon Foundation. |l 0 |o 398.20952 YAN |p 3010045806 |r 2026-05-19 |t 1 |w 2026-05-19 |y BK |x Donated copy received from Embassy of Japan in Bangladesh, Read Japan Project 2025, The Tokyo Foundation, supported by The Nippon Foundation on 08 April 2026; $39.06 Amazon.com | ||